|
|
|
|
| LEADER |
00000cam a2200000 a 4500 |
| 001 |
46251 |
| 003 |
Ucuenca |
| 005 |
20230308161551.0 |
| 008 |
975120|1963 sp |||||r|||||||||||spa|| |
| 040 |
|
|
|b spa
|
| 041 |
1 |
|
|a spa
|
| 082 |
0 |
|
|a 809
|
| 100 |
1 |
|
|a Grenzmann, Wilhelm
|d 1902-1967
|9 27320
|
| 245 |
|
|
|a Problemas y figuras de la literatura contemporánea
|c Wilhelm Grenzmann. Traducción de Rafael de la Vega
|h imp
|
| 246 |
|
1 |
|a Weltdichtung der gegenwart, probleme und gestalten
|
| 264 |
|
|
|a Madrid
|b Gredos
|c 1963
|
| 300 |
|
|
|a 385 páginas:
|c 20.5 cm
|
| 504 |
|
|
|a incl. ref.
|
| 650 |
|
|
|a Claudel paul
|9 26868
|
| 650 |
|
|
|a Bernarnos george
|9 27321
|
| 650 |
|
|
|a Mauriac francois
|9 27322
|
| 650 |
|
0 |
|a Literatura contemporánea
|9 5768
|
| 650 |
|
|
|a Camus albert
|9 26874
|
| 650 |
|
|
|a Anouilh jean
|9 27323
|
| 650 |
|
|
|9 7041
|a Andre gide
|
| 650 |
|
|
|9 22944
|a Jean-Paul sartre
|
| 852 |
|
|
|a UC-CDJBV
|f Compra
|l 1
|m General
|p 19751208
|q 90,00
|r 8
|t 46251
|y 146842
|b 0
|d CDRC
|e CDRC
|g 809 TERCER PISO
|z 1975-51-20
|
| 852 |
|
|
|a UC-CDJBV
|f Compra
|l 2
|m General
|p 19650520
|q 75,00
|r 8
|t 53539
|y 39570
|b 0
|d CDRC
|e CDRC
|g 809 ESTANTERIA CERRADA
|z 1965-50-52
|
| 942 |
|
|
|c BK
|
| 999 |
|
|
|c 14974
|d 14974
|